00275nam a2200121Ia 4500008004100000100001700041245003700058260001600095300000800111650001000119942000700129999001700136190216s9999||||xx |||||||||||||| ||und|| aSanjay Chada 0aHindi-Saflatha Aapki Mutthi Mein bVidya Vihar a123 aHindi cBK c16470d16470